body parts in English (level 1) - Statistiques

Statistiques générales
  • Ce quiz a été pris 197 fois
  • Le résultat moyen est 13 sur 14
Statistiques - réponses
Hint Réponse % Correct
coeur heart
97%
deux pieds two feet
97%
un pied one foot
95%
doigt finger
94%
tête head
94%
main hand
93%
bras arm
92%
cou neck
91%
orteils toes
91%
ventre belly
90%
genou knee
87%
jambe leg
86%
épaule shoulder
83%
coude elbow
80%
Aucun quiz correspondant
Distribution des résultats
% des personnes avec chaque résultat
Percentile par nombre de réponses
Votre historique - résultats
Vous n’avez pas pris ce quiz